000 00354nam a2200145Ia 4500
005 20251222143243.0
008 251222s9999||||xx |||||||||||||| ||spa||
020 _a978-968-18-6317-3
082 _a512.5/A62
100 _aAnton Holum, Howard
245 0 _aIntroducción al Álgebra Lineal
250 _a4a.ed.
264 _bLimusa Wiley
942 _cLIB
999 _c14659
_d14659